00812 2200265 4500001002100000005001700021008004100038020001800079035002400097082001100121090001800132100002000150245016600170260003000336300003000366650002600396700002700422700001800449850001500467980001300482985000600495999001500501999001500516999001500531YOGYA-0209000003997220090227025615.0 ind  a979-757-176-9 0010-020900000039972 a153.42 a153.42bGar C aGARDNER, Howard aChanging mindsbseni dan sains dalam mengubah pemikiran kita sendiri dan orang laincHoward Gardner; alih bahasa, Luki Nugroho; penyunting, Rani Andriani Koswara aJakartabFran Mediac2006 axii, 282 hlmbilusc23 cm aPikiran dan pemikiran aKoswara, Rani Andriani aNugroho, Luki aYOPDYOG(B) a07-11-07 a3 a07B0031312 a07B0031313 a07B0031314